Statistics for Fads of the 2000s

Click here to take the quiz!

General Stats

  • This quiz has been taken 58,614 times
    (58,608 since last reset)
  • The average score is 14 of 22

Answer Stats

ClueFad% Correct
Brand of MP3 player owned by just about everyoneiPods
94%
Ugly but comfortable sheepskin boots worn by sorority typesUgg Boots
84%
Social networking site that took over the world in 2005 and fizzled shortly afterMySpace
83%
9x9 number puzzleSudoku
82%
The tight jeans they wore ^{Skinny} Jeans
81%
Style of TV exemplified by "Survivor"Reality TV
76%
These blood-sucking creatures were wildly popularVampires
76%
Subgroup that listened to obscure bands and liked things before they were coolHipsters
73%
Audio effect that corrects pitch and makes singers sound like robotsAuto Tune
69%
It's a blanket - with sleeves!Snuggie
66%
It was cool to make up "facts" about this martial arts starChuck Norris
64%
Foam clogsCrocs
63%
Mini hamburgersSliders
62%
Donut chain that was huge in the early 2000sKrispy Kreme
61%
Heterosexual men who emphasized fashion and groomingMetrosexuals
60%
The facial hair they grew ironically ^Mustaches
59%
Buying a house, fixing it up, and then quickly selling itHouse Flipping
55%
Yellow wristband that symbolized cancer awarenessLivestrong Bracelets
48%
South American berry advertised as a "super food"Açaí
42%
Brand of small, foldable scooters{Razor} Scooters
41%
Singing wall-mounted fishBig Mouth Billy Bass
38%
Biofuel made from cornEthanol
28%

Score Distribution

Percentile by Number Answered

Percent of People with Each Score

Your Score History

You have not taken this quiz since the last reset